1359 1367 1908 1379 1128 1367 1011 1259 1115 1780 1139 1046 1331 1211 1880 1049 1465 1435 1142 1414 1338 1669 1207 1727 1576 1577 1643 1171 1692 1879 1448 1811 1345 1285 1059 1758 1481 1746 1354 1011 1980 1646 1213 1595 1200 1477 1403 1562 1532 1234 1547 1989 1418 1716 1207 1704 1316 1809 1167 1435 1879 1015 1199 1028 1424 1323 1255 1998 1046 1446 1441 1441 1499 1287 1654 1033 1635 1813 1626 1565 1105 1020 1198 1033 1732 1499 1630 1931 1189 1796 1941 1375 1878 1409 1029 1553 1861 1495 1592 BCNSPRNW ULIB Ver.6.0+V

เปลี่ยนเป็นภาษาไทย

Change to English
 แสดงรายละเอียดบรรณานุกรม
  กลับหน้าหลัก

Brief Record : Get Marc (ISO 2709) : E-mail record : QR code < ปิดหน้าต่าง
LEADER : 00000nam 2200000uu 4500
001    13399120222
003     ULIB
008    020711s2007 th a 000 0 eng d
020    9780071111874
050    QS4^bS211H
100    SALADIN
245    HUMAN ANATOMY/^cSALADIN
260    Boston Burr Ridge,IL :^bHigher Education,^c2007
945    ^p0^l0^i24868
999    ^aทศพร เกษรทอง
รายการนี้ยังไม่มีแท็ก
คุณยังไม่ได้ล็อกอิน คุณสามารถมีกิจกรรมร่วมกับเว็บไซต์ได้ แต่ต้องล็อกอินก่อน ::
  ล็อกอิน

รายการสื่อสารสนเทศ

ลำดับที่ ประเภท เลขเรียก/บาร์โค้ด สถานที่ สถานะ
1. วิทยาศาสตร์การแพทย์ และสุขภาพ
วิทยาศาสตร์การแพทย์ และสุขภาพ
QS4 S211H  
  Barcode: 24868
ห้องสมุดวิทยาเขตสวรรค์ประชารักษ์
►หนังสือทั่วไป
บนชั้น

BibComment


ยังไม่เคยถูกคอมเมนท์

คอมเมนท์ทรัพยากรรายการนี้
  คอมเมนท์: HUMAN ANATOMY SAL..


 Copyright 2026. Bcnsprnw @Library